000
00232nam a2200109Ia 4500
008
230320s9999||||xx |||||||||||||| ||spa||
082
_a
194/R27
100
_a
Ravaisson
245
0
_a
El Hábito
260
_b
Aguilar
942
_8
0
_c
LIB
999
_c
26424
_d
26424